logo

Bir Sreshtho Munshi Abdur Rouf Library
Jhenaidah Cadet College

A course of pure mathematics / (Record no. 9882)

MARC details
000 -LEADER
fixed length control field 00645nam a2200253 a 4500
001 - CONTROL NUMBER
JCCL Control Number 9882
003 - CONTROL NUMBER IDENTIFIER
JCCL marc code BD-JhCC
005 - DATE AND TIME OF LATEST TRANSACTION
control field 20180529141956.0
008 - FIXED-LENGTH DATA ELEMENTS--GENERAL INFORMATION
fixed length control field 180402r19081963e |||| |||| 001 0 eng d
035 ## - SYSTEM CONTROL NUMBER
system control number (BD-JhCC)9882
040 ## - CATALOGING SOURCE
Original cataloging agency BD-JhCC
Modifying agency BD-JhCC
041 ## - LANGUAGE CODE
Language code of Book eng
082 ## - DEWEY DECIMAL CLASSIFICATION NUMBER
Classification number 510
Author mark and Year HAR 1963
100 ## - MAIN ENTRY--PERSONAL NAME
Personal name Hardy, G.H
245 ## - TITLE STATEMENT
Title A course of pure mathematics /
Statement of responsibility, etc G.H. Hardy
250 ## - EDITION STATEMENT
Edition statement Tenth edition
260 ## - PUBLICATION, DISTRIBUTION, ETC. (IMPRINT)
Place of publication, distribution, etc LONDON :
Name of publisher, distributor, etc The Syndics Of The Cambridge University Press ;
Date of publication, distribution, etc 1963.
300 ## - PHYSICAL DESCRIPTION
Pagination 509 p. :
Dimensions 18 CM.
504 ## - BIBLIOGRAPHY, ETC. NOTE
Bibliography, etc Includes index
650 ## - SUBJECT ADDED ENTRY--TOPICAL TERM
Topical term or geographic name as entry element Mathematics
650 ## - SUBJECT ADDED ENTRY--TOPICAL TERM
Topical term or geographic name as entry element Calculus
942 ## - ADDED ENTRY ELEMENTS (KOHA)
Source of classification or shelving scheme Dewey Decimal Classification
Koha item type Books
Holdings
Source of classification or shelving scheme Damaged status Not for loan Home library Current library Shelving location Date of accession Total Checkouts Full call number Barcode Date last seen Copy number Koha item type
Dewey Decimal Classification     JCC Rouf Library JCC Rouf Library General Stacks 04/02/2018   510.00 HAR 1963 11197 04/02/2018 C-1 Books

JCC Library | Contacts | JCC Home

Last Update on 23 September 2017
Copyright @ 2017-2020 JCC Rouf Library
Rouf Library, Jhenidah Cadet College (JCC), Bangladesh